000
00308nam a2200145Ia 4500
100
_a
Kelton/David W/ Sadowski/R.P
250
_a
3
942
_c
BK
245
_a
Simulation with Arena(with CD)
260
_b
McGraw - Hill
_c
2003
082
_a
3.3
_b
KEL
300
_a
668
546
_a
ENGLISH
999
_c
24346
_d
24346